La tercera vía: la renovación de la socialdemocracia

Salvato in:
Dettagli Bibliografici
Autore principale: Giddens, Anthony (Autore)
Natura: Libro
Lingua:spagnolo
Pubblicazione: Madrid Taurus 2000
Edizione:3a. ed
Serie:Colección Pensamiento
Soggetti:
Tags: Aggiungi Tag
Nessun Tag, puoi essere il primo ad aggiungerne!!

MARC

LEADER 00000nam a2200000 a 4500
001 UCO4847
003 CL-VaPUC
008 000818e20000000SP |||||||||||||||||spa|d
082 0 4 |a 324.172  |b GID  |2 21 
100 |a Giddens, Anthony  |e author  |9 456060 
245 1 3 |a La tercera vía: la renovación de la socialdemocracia 
250 |a 3a. ed 
300 |a 198 p 
942 |c BK 
945 |d 20000818 00:00:00  |a rbrito 
260 |a Madrid  |b Taurus  |c 2000 
650 7 |a SOCIALDEMOCRACIA  |2 CL-VaPUC  |9 449515 
650 0 |a Política  |9 255312 
650 0 |a Socialismo  |9 255260 
650 0 |a Estado  |9 255503 
650 0 |a Democracia  |9 255256 
583 |a last modification  |c 20000818 00:00:00  |k Rodrigo Vera 
490 0 |a Colección Pensamiento 
999 |c 290822  |d 290820 
952 |0 0  |1 0  |4 0  |6 324_172000000000000_GID_2000  |7 0  |8 A  |9 340422  |a BIBHIS  |b BIBHIS  |d 2019-11-20  |i 3632245  |o 324.172 GID 2000  |p 3632245  |r 2025-01-20  |w 2019-11-20  |y BK  |k HIS